01122nam0a22002411 4500001001100000005001700011021001900028035002600047100004100073101000800114102000700122105001800129200031400147210003300461215001600494300007700510606006800587606009900655700006800754801001800822801002200840852001800862rc\356402420250610112555.0 aRUb[76-69838] a(NLR Aleph) 007877313 a20130115d1976 |||y0rusy50 ca0 arus aRU ay z |||||1 aПравовые формы регулирования имущественных отношений социалистических хозяйственных организацийfХ.А. РахманкуловgАН УзССР, Ин-т философии и права им. И.М. Муминова aТашкентcФанd1976 a279 с.d22 aВ вып. дан. авт.: Хаджи-Акбар Рахманкулов aХозяйственный договор в СССР2psbo aХозяйственые организацииxИмущественные права2psbo 1aРахманкуловbХ.-А.f1925-gХаджи-Акбара 0aRUbNLRgpsbo 1aRUbELAR2rusmarc aNLRj77-5/782